| 000 | 00424nam a2200181Ia 4500 | ||
|---|---|---|---|
| 005 | 20250423095513.0 | ||
| 008 | 250422s9999 xx 000 0 und d | ||
| 020 | _a978-0-273-71360-9 | ||
| 050 | _aQP 40 .G37/ | ||
| 100 | _aGarrett, Lori K. | ||
| 245 | 0 | _aGet ready for A&P for nursing & healthcare | |
| 260 | _aHarlow | ||
| 260 | _bPearson | ||
| 260 | _c2007 | ||
| 300 | _a262 p | ||
| 650 | _aNursing | ||
| 942 | _cBK | ||
| 999 |
_c30475 _d30475 |
||